Analýza cenných papierov

Enregistré dans:
Détails bibliographiques
Auteur principal: Markovič, Peter, 1974-
Collectivité auteur: Ekonomická univerzita v Bratislave. Fakulta podnikového manažmentu
Autres auteurs: Šebejová, Katarína
Format: Livre
Langue:slovaque
Publié: Bratislava Vydavateľstvo EKONÓM 2000
Sujets:
Tags: Ajouter un tag
Pas de tags, Soyez le premier à ajouter un tag!

MARC

LEADER 00000nam a2200000 4500
001 c117212
005 20240502071317.3
020 |a 80-225-1211-7 
041 0 |a slo 
044 |a SK 
245 1 0 |a Analýza cenných papierov  |c Peter Markovič, Katarína Šebejová 
264 1 |a Bratislava  |b Vydavateľstvo EKONÓM  |c 2000 
300 |a 171 s. 
610 2 0 |a papiere cenné 
610 2 0 |a analýza technická 
610 2 0 |a grafy 
610 2 0 |a analýza fundamentálna 
610 2 0 |a analýza hodnotová 
610 2 0 |a trh kapitálový 
100 1 |a Markovič, Peter, 1974- 
700 1 |a Šebejová, Katarína 
710 2 |a Ekonomická univerzita v Bratislave. Fakulta podnikového manažmentu